| 000 | 01067cam a2200277 4500 | ||
|---|---|---|---|
| 001 | WB3835-12 | ||
| 008 | 020926n2002 000 0 eng u | ||
| 035 | _a(Sirsi) u119861 | ||
| 245 | _aLinking address databases | ||
| 260 | _c2002 | ||
| 490 |
_aRICS Press Release _v25 September 2002, (1) |
||
| 520 | _aThe Royal Mail, the Local Government Information House and four government agencies are to work together to develop a single national infrastructure for Great Britain of addresses and related property information. A joint programme has been agreed to enable this, called the Acacia programme. | ||
| 590 | _aWB | ||
| 650 | _aGOVERNMENT AGENCIES | ||
| 650 | _aLOCAL GOVERNMENT INFORMATION HOUSE | ||
| 650 | _aADDRESSES | ||
| 650 | _aACACIA PROGRAMME | ||
| 650 | _aHM LAND REGISTRY | ||
| 650 | _aREGISTERS OF SCOTLAND | ||
| 650 | _aLOCAL GOVERNMENT INFORMATION HOUSE | ||
| 650 | _aORDNANCE SURVEY | ||
| 650 | _aROYAL MAIL | ||
| 650 | _aVALUATION OFFICE AGENCY | ||
| 690 | _aMANAGEMENT-BUSINESS MANAGEMENT-INFORMATION MANAGEMENT | ||
| 942 | _n0 | ||
| 999 |
_c71240 _d71240 |
||